Orfeo y la religión griega: estudio sobre el movimiento órfico
Saved in:
| Hovedforfatter: | |
|---|---|
| Format: | Bog |
| Sprog: | spansk |
| Udgivet: |
Madrid
Siruela
2003
|
| Serier: | El Arbol del Paraíso
|
| Fag: | |
| Tags: |
Tilføj Tag
Ingen Tags, Vær først til at tagge denne postø!
|
MARC
| LEADER | 00000nam a2200000 a 4500 | ||
|---|---|---|---|
| 001 | UCL0670 | ||
| 003 | CL-VaPUC | ||
| 008 | 030808e20030000SP |||||||||||||||||spa|d | ||
| 020 | |a 8478446729 | ||
| 082 | 0 | 4 | |a 292.08 |b GUT |2 21 |
| 100 | |a Guthrie, William K. C |e author |9 579049 | ||
| 245 | 1 | 0 | |a Orfeo y la religión griega: estudio sobre el movimiento órfico |
| 300 | |a 379 p | ||
| 942 | |c BK | ||
| 945 | |d 20030808 00:00:00 |a cmena | ||
| 260 | |a Madrid |b Siruela |c 2003 | ||
| 600 | 0 | 7 | |a ORFEO |2 CL-VaPUC |9 433586 |
| 650 | 0 | |a Religiones antiguas |9 314285 | |
| 650 | 7 | |a ORFISMO |2 CL-VaPUC |9 433587 | |
| 650 | 0 | |a Mitología griega |9 265313 | |
| 650 | 0 | |a Mitología clásica |9 265586 | |
| 651 | 0 | |a Grecia |9 265314 | |
| 583 | |a last modification |c 20030808 00:00:00 |k Rodrigo Vera | ||
| 490 | 0 | |a El Arbol del Paraíso | |
| 999 | |c 304486 |d 304484 | ||
| 952 | |0 0 |1 0 |4 0 |6 292_080000000000000_GUT_2003 |7 0 |8 A |9 366790 |a BIBHIS |b BIBHIS |d 2019-11-21 |i 3928799 |l 1 |m 1 |o 292.08 GUT 2003 |p 3928799 |r 2025-04-24 |s 2025-04-14 |w 2019-11-21 |y BK |k HIS | ||
| 952 | |0 0 |1 0 |4 0 |6 292_080000000000000_GUT_2003 |7 0 |8 A |9 366791 |a BIBART |b BIBART |d 2019-11-21 |i 397815K |l 1 |m 2 |o 292.08 GUT 2003 |p 397815K |r 2025-03-13 |s 2022-04-22 |w 2019-11-21 |y BK |k ART | ||